<?xml version="1.0" encoding="UTF-8"?>
<record
    xmlns:xsi="http://www.w3.org/2001/XMLSchema-instance"
    xsi:schemaLocation="http://www.loc.gov/MARC21/slim http://www.loc.gov/standards/marcxml/schema/MARC21slim.xsd"
    xmlns="http://www.loc.gov/MARC21/slim">

  <leader>01443nam a22003857a 4500</leader>
  <controlfield tag="003">OSt</controlfield>
  <controlfield tag="005">20220922092845.0</controlfield>
  <controlfield tag="008">210225b     2020 dr ac  00| 0 eng d</controlfield>
  <datafield tag="020" ind1=" " ind2=" ">
    <subfield code="a">9789945423464</subfield>
  </datafield>
  <datafield tag="040" ind1=" " ind2=" ">
    <subfield code="a">DO-SdBNP</subfield>
    <subfield code="b">spa</subfield>
    <subfield code="c">BNPHU</subfield>
  </datafield>
  <datafield tag="082" ind1=" " ind2="4">
    <subfield code="a">RD860.5</subfield>
    <subfield code="b">T147L</subfield>
    <subfield code="2">22</subfield>
  </datafield>
  <datafield tag="111" ind1=" " ind2=" ">
    <subfield code="a">Taller Literario Mariano Lebr&#xF3;n Savi&#xF1;&#xF3;n </subfield>
    <subfield code="n">(2 : </subfield>
    <subfield code="d">2020</subfield>
    <subfield code="c">Santo Domingo)</subfield>
    <subfield code="9">78830</subfield>
  </datafield>
  <datafield tag="245" ind1="0" ind2="0">
    <subfield code="a">Los pactos secretos : </subfield>
    <subfield code="b">antolog&#xED;a II del Taller Literario Mariano Lebr&#xF3;n Savi&#xF1;&#xF3;n /</subfield>
    <subfield code="c">Ana  Zaudit Mu&#xF1;oz ... [et al.] ; pr&#xF3;logo  Nan Chevalier ; presentaci&#xF3;n Franklyn Holgu&#xED;n Hach&#xE9;.</subfield>
  </datafield>
  <datafield tag="260" ind1=" " ind2=" ">
    <subfield code="a">Santo Domingo : </subfield>
    <subfield code="b">Universidad APEC,</subfield>
    <subfield code="c">2020</subfield>
  </datafield>
  <datafield tag="300" ind1=" " ind2=" ">
    <subfield code="a">148 p. :</subfield>
    <subfield code="b">il., retrs. ; </subfield>
    <subfield code="c">23 cm. </subfield>
  </datafield>
  <datafield tag="590" ind1=" " ind2=" ">
    <subfield code="a">Inventariado, 2020/MFF</subfield>
  </datafield>
  <datafield tag="650" ind1=" " ind2=" ">
    <subfield code="a">Literatura dominicana</subfield>
    <subfield code="9">78831</subfield>
  </datafield>
  <datafield tag="650" ind1=" " ind2="4">
    <subfield code="a">Talleres literarios</subfield>
    <subfield code="9">78832</subfield>
  </datafield>
  <datafield tag="700" ind1="1" ind2=" ">
    <subfield code="a">Chevalier, Nan,</subfield>
    <subfield code="d">1965-</subfield>
    <subfield code="e">pr&#xF3;logo </subfield>
    <subfield code="9">350</subfield>
  </datafield>
  <datafield tag="700" ind1="1" ind2=" ">
    <subfield code="a">Holgu&#xED;n Hach&#xE9;, Franklyn, </subfield>
    <subfield code="e">presentaci&#xF3;n </subfield>
    <subfield code="9">77928</subfield>
  </datafield>
  <datafield tag="700" ind1="1" ind2=" ">
    <subfield code="a">Mu&#xF1;oz, Ana Zaudit </subfield>
    <subfield code="9">77929</subfield>
  </datafield>
  <datafield tag="700" ind1="1" ind2=" ">
    <subfield code="a"> Mart&#xED;nez, &#xC1;ngelo</subfield>
    <subfield code="9">78340</subfield>
  </datafield>
  <datafield tag="700" ind1="1" ind2=" ">
    <subfield code="a">Mu&#xF1;oz, Carlos</subfield>
    <subfield code="9">78341</subfield>
  </datafield>
  <datafield tag="700" ind1="1" ind2=" ">
    <subfield code="a">Richard, Denisse</subfield>
    <subfield code="9">78342</subfield>
  </datafield>
  <datafield tag="700" ind1="1" ind2=" ">
    <subfield code="a">Luis, Fabio</subfield>
    <subfield code="9">78343</subfield>
  </datafield>
  <datafield tag="700" ind1="1" ind2=" ">
    <subfield code="a">Sang, Julio</subfield>
    <subfield code="9">78344</subfield>
  </datafield>
  <datafield tag="700" ind1="1" ind2=" ">
    <subfield code="a">Paulino S., Laura</subfield>
    <subfield code="9">78345</subfield>
  </datafield>
  <datafield tag="700" ind1="1" ind2=" ">
    <subfield code="a">Paulino-Sant, Melissa</subfield>
    <subfield code="9">78346</subfield>
  </datafield>
  <datafield tag="700" ind1="1" ind2=" ">
    <subfield code="a">And&#xFA;jar, Meredith</subfield>
    <subfield code="9">78347</subfield>
  </datafield>
  <datafield tag="700" ind1="1" ind2=" ">
    <subfield code="a">Tatis, Migsael</subfield>
    <subfield code="9">78348</subfield>
  </datafield>
  <datafield tag="700" ind1="1" ind2=" ">
    <subfield code="a">Minyety, Rosandi</subfield>
    <subfield code="9">78349</subfield>
  </datafield>
  <datafield tag="700" ind1="1" ind2=" ">
    <subfield code="a">Sinny</subfield>
    <subfield code="9">78350</subfield>
  </datafield>
  <datafield tag="700" ind1="1" ind2=" ">
    <subfield code="a">Dios M., Yeimy de</subfield>
    <subfield code="9">78351</subfield>
  </datafield>
  <datafield tag="942" ind1=" " ind2=" ">
    <subfield code="2">ddc</subfield>
    <subfield code="c">LBS1</subfield>
  </datafield>
  <datafield tag="952" ind1=" " ind2=" ">
    <subfield code="0">0</subfield>
    <subfield code="1">0</subfield>
    <subfield code="2">ddc</subfield>
    <subfield code="7">2</subfield>
    <subfield code="8">PD</subfield>
    <subfield code="a">BNPHU</subfield>
    <subfield code="b">BNPHU</subfield>
    <subfield code="c">HD</subfield>
    <subfield code="d">2021-02-25</subfield>
    <subfield code="e">Dep&#xF3;sito Legal </subfield>
    <subfield code="o">BNPHU PD RD860.5 T147L</subfield>
    <subfield code="p">2021-0467</subfield>
    <subfield code="r">2021-02-25</subfield>
    <subfield code="w">2021-02-25</subfield>
    <subfield code="y">LBS1</subfield>
  </datafield>
  <datafield tag="952" ind1=" " ind2=" ">
    <subfield code="0">0</subfield>
    <subfield code="1">0</subfield>
    <subfield code="2">ddc</subfield>
    <subfield code="7">2</subfield>
    <subfield code="8">PD</subfield>
    <subfield code="a">BNPHU</subfield>
    <subfield code="b">BNPHU</subfield>
    <subfield code="c">HD</subfield>
    <subfield code="d">2021-02-25</subfield>
    <subfield code="e">Dep&#xF3;sito Legal </subfield>
    <subfield code="o">BNPHU PD RD860.5 T147L</subfield>
    <subfield code="p">2021-0468</subfield>
    <subfield code="r">2021-02-25</subfield>
    <subfield code="t">e.2</subfield>
    <subfield code="w">2021-02-25</subfield>
    <subfield code="y">LBS1</subfield>
  </datafield>
  <datafield tag="952" ind1=" " ind2=" ">
    <subfield code="0">0</subfield>
    <subfield code="1">0</subfield>
    <subfield code="2">ddc</subfield>
    <subfield code="5">6</subfield>
    <subfield code="7">0</subfield>
    <subfield code="8">DS</subfield>
    <subfield code="a">BNPHU</subfield>
    <subfield code="b">BNPHU</subfield>
    <subfield code="c">HD</subfield>
    <subfield code="d">2021-02-25</subfield>
    <subfield code="e">Dep&#xF3;sito Legal </subfield>
    <subfield code="o">BNPHU DS RD860.5 T147L</subfield>
    <subfield code="p">2021-0469</subfield>
    <subfield code="r">2021-02-25</subfield>
    <subfield code="t">e.3</subfield>
    <subfield code="w">2021-02-25</subfield>
    <subfield code="y">LBS1</subfield>
  </datafield>
  <datafield tag="999" ind1=" " ind2=" ">
    <subfield code="c">49454</subfield>
    <subfield code="d">49454</subfield>
  </datafield>
</record>
